00649 2200229 4500001002100000005001500021035002000036007000300056008004100059020000600100082001100106084001700117245007400134250001100208260003100219300003200250650001500282650002200297110004900319856003400368990001700402INLIS00000000000130520260414101340 a0010-0426000003ta260414 g | ind  a- a631.61 a631.61 BAL p1 aUrgensi Dukungan Informasi Geospasial untuk Program Swasembada Pangan aCet. 1 aBogor :bBBRMP SDLP,c2026 a20 hlm. :bill .; tab.eppt 4aGeospasial 4aSwasembada Pangan0 aBALAI BESAR BRMP Sumber Daya Lahan Pertanian aPerpustakaan Sekretariat BRMP a3520/2026/CD